Written For Ever (Record no. 324892)

MARC details
000 -LEADER
fixed length control field 00478nam a2200169Ia 4500
008 - FIXED-LENGTH DATA ELEMENTS--GENERAL INFORMATION
fixed length control field 230718s9999 xx 000 0 und d
020 ## - INTERNATIONAL STANDARD BOOK NUMBER
International Standard Book Number 9780670083299
041 ## - LANGUAGE CODE
Language code of text/sound track or separate title eng
082 ## - DEWEY DECIMAL CLASSIFICATION NUMBER
Classification number 221.95
Item number ADV
100 ## - MAIN ENTRY--PERSONAL NAME
Personal name Advani R. (Editor)
9 (RLIN) 173491
245 ## - TITLE STATEMENT
Title Written For Ever
Remainder of title The Best Of Civil Lines
260 ## - PUBLICATION, DISTRIBUTION, ETC. (IMPRINT)
Date of publication, distribution, etc. 2009
Name of publisher, distributor, etc. Penguin Book
300 ## - PHYSICAL DESCRIPTION
Extent 392
365 ## - TRADE PRICE
Currency code Rs.
Price amount 395.00
700 ## - ADDED ENTRY--PERSONAL NAME
Personal name Advani R. (Editor)
9 (RLIN) 173491
906 ## - LOCAL DATA ELEMENT F, LDF (RLIN)
d O:0084615-May-2010B:385731-Mar-2010
c GENRL
b 79
Holdings
Withdrawn status Lost status Damaged status Not for loan Home library Current library Date acquired Vendor Budget Code Cost, normal purchase price Bill number Total Checkouts Full call number Barcode Date last seen Discount Cost, replacement price Bill Date Koha item type Original Barcode
        Cummins College of Engineering for Women Pune Cummins College of Engineering for Women Pune 25/05/2010 Tbs GENRL 316.00 3857   221.95 CCEP-BK-36099 18/07/2023 79 395.00 31/03/2010 Books 036099